Basic Business Communication (Record no. 3226)

MARC details
000 -LEADER
fixed length control field 00387nam a22001697a 4500
005 - DATE AND TIME OF LATEST TRANSACTION
control field 20160620110008.0
008 - FIXED-LENGTH DATA ELEMENTS--GENERAL INFORMATION
fixed length control field 160620b xxu||||| |||| 00| 0 eng d
020 ## - INTERNATIONAL STANDARD BOOK NUMBER
ISBN 978-0-07-059976-5
041 ## - LANGUAGE CODE
Language code of text/sound track or separate title eng
082 ## - DEWEY DECIMAL CLASSIFICATION NUMBER
Item number 8432
100 ## - MAIN ENTRY--AUTHOR NAME
Personal name Lesikarand Flatley
245 ## - TITLE STATEMENT
Title Basic Business Communication
260 ## - PUBLICATION, DISTRIBUTION, ETC. (IMPRINT)
Name of publisher TMH
300 ## - PHYSICAL DESCRIPTION
Number of Pages 577
650 ## - SUBJECT ADDED ENTRY--TOPICAL TERM
Topical Term Management
942 ## - ADDED ENTRY ELEMENTS (KOHA)
Koha item type Books
Holdings
Lost status Damaged status Collection code Home library Current library Shelving location Date acquired Full call number Accession Number Koha item type
    MANAGEMENT JRU Library JRU Library SHELF-62 -J 20/06/2016 8432 8432 Books
    MANAGEMENT JRU Library   SHELF-62 -I 20/06/2016 8432 8433 Books
    MANAGEMENT JRU Library   SHELF-62 -I 20/06/2016 8432 8434 Books
    MANAGEMENT JRU Library   SHELF-62 -I 20/06/2016 8432 8435 Books
    MANAGEMENT JRU Library JRU Library SHELF-62 -J 20/06/2016 8432 8436 Books
    MANAGEMENT JRU Library   SHELF-62 -I 20/06/2016 8432 8437 Books